NFL 2025 All-Pro Teams - Statistics

General Stats
  • This quiz has been taken 273 times
  • The average score is 40 of 62
Answer Stats
Hint Answer % Correct
QB Matthew Stafford
100%
QB Drake Maye
99%
WR Jaxon Smith-Njigba
98%
WR Puka Nacua
98%
WR Amon-Ra St. Brown
97%
RB Bijan Robinson
97%
WR Ja'Marr Chase
97%
RB James Cook
97%
WR George Pickens
95%
Edge Myles Garrett
94%
AP Christian McCaffrey
92%
TE Trey McBride
91%
WR Chris Olave
90%
TE Kyle Pitts
90%
Edge Micah Parsons
90%
Edge Aidan Hutchinson
87%
Edge Will Anderson Jr.
84%
SLCB Cooper DeJean
83%
IDL Leonard Williams
83%
CB Patrick Surtain II
83%
RT Penei Sewell
82%
LT Trent Williams
82%
CB Derek Stingley Jr.
79%
S Kyle Hamilton
79%
Edge Danielle Hunter
74%
K Brandon Aubrey
72%
C Creed Humphrey
72%
Edge Brian Burns
71%
LG Quenton Nelson
70%
CB Devon Witherspoon
69%
CB Quinyon Mitchell
69%
IDL Jeffery Simmons
68%
FB Patrick Ricard
65%
LG Joe Thuney
64%
FB Kyle Juszczyk
63%
S Jessie Bates III
60%
IDL Cameron Heyward
58%
LB Jack Campbell
58%
KR Kavontae Turpin
55%
S Kevin Byard
55%
S Xavier McKinney
55%
SLCB Derwin James
52%
LB Ernest Jones IV
50%
PR Marcus Jones
50%
IDL Zach Allen
50%
LT Garrett Bolles
48%
PR Chimere Dike
46%
RG Chris Lindstrom
45%
RG Quinn Meinerz
45%
K Will Reichard
41%
LB Devin Lloyd
40%
S Talanoa Hufanga
38%
RT Darnell Wright
36%
KR Ray Davis
33%
LB Jordyn Brooks
30%
P Michael Dickson
24%
P Jordan Stout
21%
C Aaron Brewer
19%
ST Devon Key
11%
LS Andrew DePaola
10%
ST Del'Shawn Phillips
7%
LS Ross Matiscik
6%
No matching quizzes found
Score Distribution
Percent of People with Each Score
Percentile by Number Answered
Your Score History
You have not taken this quiz